00895nab a2200205 4500003001000000005001700010008004100027040001400068041000800082100004700090245004500137260003500182300001300217500029300230650001100523650002600534650002000560650001600580773009300596AR-RoBPED20260422110146.0260422b |||||||| |||| 00| 0 spa d aAR-RoBPED aspa1 aAlbrecht, FedericoeProfesor de Biología1 aTejiendo una red solidaria de lectores / aBuenos Aires :bNoveduc,c2024 a58-59 p. aEn las líneas que siguen, se reflexiona acerca del rol de los docentes como mediadores de lectura y se describe un proyecto de formación de lectores desarrollado en una escuela media de la ciudad de Reconquista, provincia de Santa Fe, en relación con otras iniciativas comunitarias. 7aLECTOR 7aFORMACION DE LECTORES 7aROL DEL DOCENTE 7aNIVEL MEDIO0 020414dBuenos Aires : Noveduc, 1993-tNovedades Educativasw(AR-RoBPED)20414x03283534